| 000 | 00645nam a2200217Ia 4500 | ||
|---|---|---|---|
| 003 | OSt | ||
| 005 | 20251127104001.0 | ||
| 008 | 210719s2007 xx 000 0 und d | ||
| 040 | _cAL | ||
| 041 | _aKannada | ||
| 082 | _aK894.4 BHAK | ||
| 100 |
_aBHATTA (L R) _dಭಟ್ಟ (ಎಲ್ ಅರ್) _9246949 |
||
| 245 |
_aKumaravyasa bharata kathamrata _b ಕುಮಾರವ್ಯಾಸ ಭಾರತ ಕಥಾಮೃತ |
||
| 260 |
_aShirasi _c2007 |
||
| 300 |
_axx-568 _bHB |
||
| 365 |
_b300 _cRs |
||
| 650 |
_aKannada Prose _9246950 |
||
| 650 |
_aKannada Prose _9246950 |
||
| 906 | _abharata ; Kathamrata ; Kumaravyasa | ||
| 942 |
_2ddc _cBK |
||
| 999 |
_c215036 _d215036 |
||